000
00346nam a2200145 a 4500
005
20140412111423.0
008
070724s19uu xx 00 eng d
020
_a
1-59394-287-7
050
_a
ER
_b
Ki65 2004
245
_a
Kittens.
260
_a
China :
_b
Bendon Pub,
_c
2004.
440
_a
A moving eye book
650
_a
Cats
999
_c
106144
_d
106144